| 000 | 00736nam a2200253 a 4500 | ||
|---|---|---|---|
| 001 | 00000447 | ||
| 008 | 110328s1987 maua g 000 0 eng d | ||
| 020 | _a0669095702 | ||
| 040 |
_aBD-DhIUB _cBD-DhIUB |
||
| 082 | 0 | 4 |
_a005.133P _219 |
| 100 | 1 | _aDale, Nell | |
| 245 | 0 | 0 |
_aIntroduction to Pascal and structure design / _cNell Dale, Chip Weems |
| 250 | _a2nd ed. | ||
| 260 |
_aLexinton, Massachusetts : _bD. C. Heath and Company, _c1987. |
||
| 300 |
_axxi, 753, 72 p. : _bill. |
||
| 520 | 0 | _aComputer Science | |
| 556 | _a1993-10-09 | ||
| 650 | 1 | 7 |
_aComputer programming _2Spines |
| 650 | 1 | 7 |
_aStructured systems _2Spines |
| 653 | 0 | 0 | _aPascal |
| 700 | 1 | _aWeems, Chip | |
| 999 |
_c10316 _d10316 |
||
| 526 | _bcse | ||